[Event "9th Sunway Sitges 2022"]
[Site "Sitges ESP"]
[Date "2022.12.16"]
[Round "5.71"]
[White "Vogt, Lothar"]
[Black "Gugan G"]
[Result "1/2-1/2"]
[WhiteTitle "GM"]
[WhiteElo "2339"]
[BlackElo "2126"]
[WhiteFideId "4611292"]
[BlackFideId "45092931"]
[EventDate "2022.12.12"]

1. e4 e6 2. d3 d5 3. Nd2 c5 4. Ngf3 Nc6 5. g3 Nf6 6. Bg2 Be7 7. O-O O-O 8. Re1
a5 9. e5 Nd7 10. Nf1 b5 11. h4 b4 12. Bf4 Ba6 13. Ne3 Nb6 14. Ng5 c4 15. d4 h6
16. Nf3 Na4 17. Rb1 c3 18. b3 Nb2 19. Qc1 Qb6 20. Bxh6 gxh6 21. Ng4 Nxd4 22.
Qxh6 Nf5 23. Qh5 Nxg3 24. Qh6 Nf5 25. Qh5 Ng3 26. Qh6 Nf5 27. Qh5 Ng3 28. Qh6 1/2-1/2

[Event "9th Sunway Sitges 2022"]
[Site "Sitges ESP"]
[Date "2022.12.16"]
[Round "5.72"]
[White "Ilamparthi, A R"]
[Black "Kocak, Ediz"]
[Result "1-0"]
[WhiteElo "2336"]
[BlackElo "2115"]
[WhiteFideId "45015775"]
[BlackFideId "16219481"]
[EventDate "2022.12.12"]

1. e4 e5 2. Nf3 Nc6 3. d3 Nf6 4. g3 d5 5. exd5 Nxd5 6. Bg2 Bd6 7. O-O O-O 8. Re1
Re8 9. Nc3 Nxc3 10. bxc3 Bf5 11. Rb1 Rb8 12. Nd2 Qd7 13. Ne4 Bf8 14. Be3 b6 15.
Qc1 f6 16. Qb2 Rbd8 17. Rbd1 Kh8 18. Nd2 Bg4 19. Rb1 Bh3 20. Bh1 Be6 21. Rbd1
Bg4 22. Rb1 Be6 23. Ne4 f5 24. Ng5 Bd5 25. Bxd5 Qxd5 26. c4 Qd7 27. Qb5 a6 28.
Qa4 h6 29. Nf7+ Qxf7 30. Qxc6 Re6 31. Qb7 e4 32. Rxb6 f4 33. Rxe6 fxe3 34. Rxe3
Qxe6 35. Qxc7 Qf6 36. Rxe4 Bd6 37. Qc6 Qa1+ 38. Kg2 Qxa2 39. Qb6 Rd7 40. Re8+
Kh7 41. Qc6 1-0

[Event "9th Sunway Sitges 2022"]
[Site "Sitges ESP"]
[Date "2022.12.16"]
[Round "5.73"]
[White "Jeet, Jain"]
[Black "Borocz, Istvan1"]
[Result "1-0"]
[WhiteTitle "FM"]
[BlackTitle "IM"]
[WhiteElo "2141"]
[BlackElo "2334"]
[WhiteFideId "5073022"]
[BlackFideId "703036"]
[EventDate "2022.12.12"]

1. e4 d6 2. d4 Nf6 3. Nc3 e5 4. Nf3 Nbd7 5. Be2 c6 6. O-O Be7 7. a4 b6 8. Re1
O-O 9. Bf1 a6 10. Nb1 Bb7 11. c3 b5 12. Nbd2 Re8 13. c4 exd4 14. Nxd4 Qb6 15.
Nf5 Bf8 16. Ng3 d5 17. axb5 Bc5 18. Re2 Ng4 19. Nh1 Qc7 20. g3 cxb5 21. cxd5 f5
22. exf5 Ndf6 23. Nb3 Bxd5 24. Bf4 Qc6 25. Rxe8+ Rxe8 26. Rc1 Bxb3 27. Qxb3+ Kh8
28. Qc2 Rc8 29. Qe2 Re8 30. Qc2 Rc8 31. Bd3 Qf3 32. Qe2 Qa8 33. h3 Re8 34. Qc2
Ne5 35. Be2 Bd4 36. Bxe5 Bxe5 37. Bf1 Bd4 38. Bg2 Qa7 39. g4 h6 40. Ng3 Qb8 41.
Ne2 Ba7 42. Bf3 Qe5 43. Qc7 Bb8 44. Qxe5 Bxe5 45. b3 Rd8 46. Bb7 Rd3 47. f4 Bb2
48. Rc8+ Kh7 49. g5 hxg5 50. fxg5 Rxb3 51. h4 Ng8 52. Bd5 Ne7 53. g6+ 1-0

[Event "9th Sunway Sitges 2022"]
[Site "Sitges ESP"]
[Date "2022.12.16"]
[Round "5.74"]
[White "Heinemann, Josefine"]
[Black "Ismail, Tamer"]
[Result "1-0"]
[WhiteTitle "WGM"]
[WhiteElo "2332"]
[BlackElo "2112"]
[WhiteFideId "12900460"]
[BlackFideId "2909332"]
[EventDate "2022.12.12"]

1. e4 e5 2. Nf3 Nc6 3. Bc4 Nf6 4. d3 h6 5. O-O d6 6. a4 g6 7. Nc3 Bg7 8. h3 O-O
9. a5 Nb4 10. Re1 c5 11. Be3 Be6 12. Bxe6 fxe6 13. Ne2 b6 14. c3 Nc6 15. axb6
axb6 16. Rxa8 Qxa8 17. Qb3 Re8 18. Qb5 Rb8 19. b4 Ne8 20. Qc4 Nc7 21. Qb3 Qa6
22. Ng3 Kh7 23. Qc2 Qa3 24. Bc1 Qa7 25. Bd2 Ra8 26. bxc5 bxc5 27. Rb1 Qa6 28. h4
c4 29. dxc4 Qxc4 30. h5 g5 31. Be3 Ra3 32. Qd2 Nb5 33. Bxg5 Nxc3 34. Rb7 Ra1+
35. Kh2 Rd1 36. Bf6 Rxd2 37. Rxg7+ Kh8 38. Nh4 Ne7 39. Rxe7+ Kg8 40. Ng6 1-0

[Event "9th Sunway Sitges 2022"]
[Site "Sitges ESP"]
[Date "2022.12.16"]
[Round "5.75"]
[White "Devnani, Kush"]
[Black "Reprintsev, Alexander"]
[Result "0-1"]
[BlackTitle "IM"]
[WhiteElo "2134"]
[BlackElo "2330"]
[WhiteFideId "45093806"]
[BlackFideId "14100541"]
[EventDate "2022.12.12"]

1. d4 f5 2. c4 Nf6 3. Nc3 g6 4. Nf3 Bg7 5. g3 O-O 6. Bg2 d6 7. O-O Qe8 8. Re1
Qf7 9. e4 fxe4 10. Ng5 Qxc4 11. Ngxe4 c6 12. Nxf6+ Bxf6 13. Bh6 Rf7 14. Ne4 Nd7
15. Ng5 Qxd4 16. Nxf7 Qxd1 17. Raxd1 Kxf7 18. Bc1 a5 19. f4 a4 20. h3 Nc5 21.
Re2 Be6 22. a3 Bb3 23. Rdd2 Bc4 24. Re1 Ra5 25. Bf1 Bxf1 26. Kxf1 Rb5 27. Rc2
Rb3 28. Re3 Nd3 29. Bd2 Nxb2 30. Ke2 d5 0-1

[Event "9th Sunway Sitges 2022"]
[Site "Sitges ESP"]
[Date "2022.12.16"]
[Round "5.78"]
[White "Priyanka, Nutakki"]
[Black "Halegua, Dani"]
[Result "1-0"]
[WhiteTitle "WGM"]
[WhiteElo "2316"]
[BlackElo "2095"]
[WhiteFideId "25049615"]
[BlackFideId "36092398"]
[EventDate "2022.12.12"]

1. Nf3 d5 2. b3 Nf6 3. Bb2 Bf5 4. g3 e6 5. Bg2 h6 6. O-O Be7 7. d3 O-O 8. Nbd2
Nbd7 9. e3 a5 10. a4 c6 11. Qe2 Bh7 12. e4 dxe4 13. dxe4 Nc5 14. Rad1 Qb8 15.
Ne5 Rd8 16. Ng4 Ncd7 17. Nc4 Nxg4 18. Qxg4 Bg6 19. h4 Nf6 20. Bxf6 h5 21. Bxe7 1-0

[Event "9th Sunway Sitges 2022"]
[Site "Sitges ESP"]
[Date "2022.12.16"]
[Round "5.79"]
[White "Dixit, Nikhil"]
[Black "Bub, Volker"]
[Result "1-0"]
[WhiteTitle "FM"]
[WhiteElo "2306"]
[BlackElo "2091"]
[WhiteFideId "5059534"]
[BlackFideId "4618963"]
[EventDate "2022.12.12"]

1. e4 e5 2. Nf3 Nc6 3. Bb5 a6 4. Ba4 Nf6 5. d3 d6 6. O-O b5 7. Bb3 Be7 8. c3 O-O
9. h3 Bb7 10. Re1 Nb8 11. Nbd2 Nbd7 12. Nf1 c5 13. Ng3 Qc7 14. Nf5 Nb6 15. Nxe7+
Qxe7 16. Bg5 h6 17. Bh4 c4 18. dxc4 bxc4 19. Bc2 Nbd7 20. Qd2 Rfd8 21. Nh2 Nf8
22. Ng4 N8h7 23. Re3 Bc8 24. Nxf6+ Nxf6 25. Rf3 Kh7 26. Bxf6 gxf6 27. b3 Be6 28.
bxc4 Bxc4 29. Bb3 Be6 30. Rd1 Rab8 31. Bd5 Rb6 32. Rd3 Bd7 33. Qe3 Rdb8 34. Kh2
Ba4 35. Re1 Rb2 36. Rd2 a5 37. c4 Be8 38. Rxb2 Rxb2 39. Qf3 Bd7 40. Re3 Be6 41.
Ra3 Qa7 42. Re3 Qe7 43. a3 Rb8 44. Rd3 Rb2 45. Qg3 f5 46. Bxe6 fxe6 47. exf5
exf5 48. c5 dxc5 49. Rd5 f4 50. Qg4 Qg5 51. Qd7+ Kg6 52. Rd6+ Kh5 53. Qf7+ Kh4
54. Rg6 Rb7 55. Qg8 Rb8 1-0

[Event "9th Sunway Sitges 2022"]
[Site "Sitges ESP"]
[Date "2022.12.16"]
[Round "5.80"]
[White "Hristodorescu, Daniel"]
[Black "Gong, Qianyun"]
[Result "0-1"]
[WhiteTitle "FM"]
[BlackTitle "WGM"]
[WhiteElo "2108"]
[BlackElo "2299"]
[WhiteFideId "1203100"]
[BlackFideId "8602425"]
[EventDate "2022.12.12"]

1. e4 c6 2. Nc3 d5 3. Nf3 g6 4. d4 Bg7 5. h3 dxe4 6. Nxe4 Nf6 7. Nxf6+ exf6 8.
Bc4 O-O 9. O-O a5 10. a4 Na6 11. c3 Nc7 12. Qb3 b5 13. axb5 cxb5 14. Bd3 Bb7 15.
Re1 Bd5 16. Qc2 Bxf3 17. gxf3 f5 18. Kg2 a4 19. b3 Qd7 20. bxa4 Rfc8 21. Bg5 h6
22. Bf4 bxa4 23. Qd2 Kh7 24. h4 h5 25. Bg5 Ne6 26. Bb1 Re8 27. Ba2 Nc7 28. Rxe8
Rxe8 29. Re1 a3 30. Rxe8 Qxe8 31. c4 Na6 32. d5 Nc5 33. Qa5 Bd4 34. Qd2 Bg7 35.
Be3 Bf8 36. d6 Ne6 37. Qd5 Qd8 38. c5 Qxh4 39. Qa8 f4 40. Bxe6 fxe3 41. fxe3 Bg7
42. Kf1 Bh6 43. Qxa3 fxe6 44. Qa7+ Bg7 45. c6 Qh1+ 46. Kf2 Qh2+ 47. Ke1 h4 48.
Qe7 Qg3+ 49. Ke2 h3 50. Qxe6 h2 51. c7 h1=Q 52. c8=Q Qhxf3+ 53. Kd3 Qd1+ 0-1

[Event "9th Sunway Sitges 2022"]
[Site "Sitges ESP"]
[Date "2022.12.16"]
[Round "5.81"]
[White "Chulis, Alexander"]
[Black "Rakhmangulova, Anastasiya"]
[Result "0-1"]
[BlackTitle "WIM"]
[WhiteElo "2097"]
[BlackElo "2296"]
[WhiteFideId "1607588"]
[BlackFideId "14117479"]
[EventDate "2022.12.12"]

1. e4 c5 2. Ne2 Nf6 3. Nbc3 Nc6 4. d3 d6 5. g3 Bg4 6. Bg2 Nd4 7. O-O Nf3+ 8. Kh1
h5 9. h4 e5 10. Nb1 g5 11. Bxg5 Nxg5 12. hxg5 h4 13. gxh4 Nd7 14. Kg1 Rxh4 15.
Nbc3 Qxg5 16. Qc1 Qg6 17. Ng3 Bh6 18. Qe1 O-O-O 19. Nd5 Kb8 20. Qa5 Rh8 21. Qc7+
Ka8 22. Ne7 Qh7 23. Nef5 Bf4 24. Rfe1 Rh2 25. Re3 Rxg2+ 26. Kxg2 Qh3+ 27. Kg1
Bxf5 0-1

[Event "9th Sunway Sitges 2022"]
[Site "Sitges ESP"]
[Date "2022.12.16"]
[Round "5.83"]
[White "Pogorelov, Ruslan"]
[Black "Verbin, Valentina"]
[Result "1-0"]
[WhiteTitle "GM"]
[WhiteElo "2288"]
[BlackElo "2088"]
[WhiteFideId "14100363"]
[BlackFideId "13905910"]
[EventDate "2022.12.12"]

1. Nf3 d5 2. d4 Nf6 3. c4 e6 4. Nc3 Be7 5. Bf4 O-O 6. e3 c5 7. dxc5 Bxc5 8. cxd5
Nxd5 9. Nxd5 exd5 10. a3 Nc6 11. Bd3 Bb6 12. O-O d4 13. e4 Bg4 14. h3 Bh5 15. g4
Bg6 16. Qd2 f6 17. Bc4+ Bf7 18. Bxf7+ Rxf7 19. Kg2 Qd7 20. Ne1 Qe6 21. f3 Na5
22. Qe2 f5 23. Nd3 fxe4 24. Qxe4 Qxe4 25. fxe4 Re8 26. Rac1 Nc6 27. Rfe1 Rfe7
28. e5 Bc7 29. Rc5 Nd8 30. Bg3 Ne6 31. Rc4 Rf7 32. Rf1 Rxf1 33. Kxf1 Bb6 34. Kf2
Kf7 35. h4 Nc7 36. Kf3 Ke7 37. Ke4 Rf8 38. Nf4 Ne6 39. b4 Nxf4 40. Bxf4 Ke6 41.
a4 a6 42. a5 Ba7 43. Rc7 Rf7 44. Rc8 d3 45. Rd8 Bf2 46. Rd6+ Ke7 47. Bg5+ Rf6
48. exf6+ 1-0

[Event "9th Sunway Sitges 2022"]
[Site "Sitges ESP"]
[Date "2022.12.16"]
[Round "5.84"]
[White "Galvan Cipriani, Viviana"]
[Black "Enkhtuul, Altan-Ulzii"]
[Result "0-1"]
[WhiteTitle "WFM"]
[BlackTitle "WGM"]
[WhiteElo "2088"]
[BlackElo "2285"]
[WhiteFideId "32041144"]
[BlackFideId "4901444"]
[EventDate "2022.12.12"]

1. c4 e5 2. g3 Nc6 3. Bg2 Nf6 4. Nc3 Bb4 5. Nf3 h6 6. O-O e4 7. Ne1 Bxc3 8. dxc3
d6 9. Nc2 O-O 10. Nd4 Ne5 11. b3 a6 12. Bf4 Ng6 13. Be3 Re8 14. h3 Nh7 15. b4
Qe7 16. Qb3 Kh8 17. c5 dxc5 18. bxc5 f5 19. c6 bxc6 20. Nxc6 Qd6 21. Na5 f4 22.
Nc4 Qf8 23. Qc2 fxe3 24. Bxe4 Rxe4 25. Qxe4 Bf5 26. Qxe3 Re8 27. Qd2 Bxh3 28.
Rfe1 Ng5 29. f3 Be6 30. Ne3 Rd8 31. Qc1 Qc5 32. Kg2 Re8 33. Nd1 Bh3+ 34. Kh1
Nxf3 35. Qc2 Qh5 36. exf3 Rxe1+ 0-1

[Event "9th Sunway Sitges 2022"]
[Site "Sitges ESP"]
[Date "2022.12.16"]
[Round "5.85"]
[White "Schulze, Lara"]
[Black "Korkmaz, Necmettin"]
[Result "1/2-1/2"]
[WhiteTitle "FM"]
[BlackTitle "CM"]
[WhiteElo "2284"]
[BlackElo "2077"]
[WhiteFideId "12956830"]
[BlackFideId "6303285"]
[EventDate "2022.12.12"]

1. e4 c5 2. Nf3 d6 3. Bb5+ Nd7 4. a4 a6 5. Be2 Ngf6 6. Nc3 b6 7. d4 cxd4 8. Qxd4
Bb7 9. O-O e5 10. Qe3 Qc7 11. Rd1 Be7 12. Nd2 d5 13. exd5 Nxd5 14. Nxd5 Bxd5 15.
Ne4 Bb7 16. Nc3 Nf6 17. Qg3 Qc6 18. Bg5 Qe6 19. b3 Rc8 20. Bc4 Qf5 21. Bxf6 Bxf6
22. Bd5 Bxd5 23. Nxd5 Qxc2 24. Nxb6 Rc6 25. Nd7 Qf5 26. b4 Rc7 27. Nc5 O-O 28.
Nxa6 Rc4 29. Rdb1 Bh4 30. Qe3 Rc2 31. Rf1 Rfc8 32. Nc5 Be7 33. Ne4 R8c4 34. Ng3
Qe6 35. b5 Bc5 36. Qd3 Qb6 37. Rad1 Bxf2+ 38. Kh1 g6 39. Qd8+ Kg7 40. Qd5 Rxa4
41. Qxe5+ Qf6 42. Qxf6+ Kxf6 43. b6 Ke7 44. b7 Bxg3 45. hxg3 Rb4 46. Rfe1+ Kf6
47. Rd7 h5 48. Rf1+ Kg5 49. Rdxf7 Rcb2 50. Kh2 Rxb7 51. Rxb7 Rxb7 52. Ra1 Rb4
53. Ra6 Kf5 54. Ra5+ Kg4 55. Ra6 g5 56. Ra5 h4 57. gxh4 Kxh4 58. Ra8 Rb3 59.
Rh8+ Kg4 60. Rg8 Rb7 61. Ra8 Rh7+ 62. Kg1 Rf7 1/2-1/2

[Event "9th Sunway Sitges 2022"]
[Site "Sitges ESP"]
[Date "2022.12.16"]
[Round "5.86"]
[White "Pipiras, Filipa Fortuna"]
[Black "Mamedov, Edgar"]
[Result "0-1"]
[WhiteTitle "WFM"]
[BlackTitle "FM"]
[WhiteElo "2065"]
[BlackElo "2283"]
[WhiteFideId "1944894"]
[BlackFideId "13739980"]
[EventDate "2022.12.12"]

1. d4 d5 2. c4 e6 3. Nc3 c6 4. Nf3 Nf6 5. e3 Nbd7 6. Qc2 Bd6 7. b3 O-O 8. Bb2 e5
9. dxe5 Nxe5 10. O-O-O Bg4 11. Be2 Nxf3 12. gxf3 Bh5 13. cxd5 Bg6 14. Bd3 cxd5
15. Kb1 Rc8 16. Bxg6 fxg6 17. Qd3 Be5 18. Ne2 Bxb2 19. Kxb2 Qd6 20. h4 Rc5 21.
Nd4 a6 22. Rc1 Rxc1 23. Kxc1 Nd7 24. Kb1 Ne5 25. Qe2 Qe7 26. Qd1 Nxf3 27. h5
Qe4+ 28. Ka1 gxh5 29. Rxh5 Nxd4 30. Qxd4 Qxd4+ 31. exd4 Rxf2 32. Rxd5 g6 33.
Rd8+ Kg7 34. d5 h5 35. d6 Rd2 36. Kb1 h4 37. Kc1 Rd5 38. Rd7+ Kf6 39. Rxb7 Rxd6
40. a4 g5 41. b4 h3 42. Rh7 g4 43. b5 axb5 44. axb5 Ke5 45. b6 Rxb6 46. Kd2 Kf4
47. Ke2 Kg3 48. Kf1 Rb1+ 49. Ke2 h2 50. Ke3 Re1+ 51. Kd2 h1=Q 0-1

[Event "9th Sunway Sitges 2022"]
[Site "Sitges ESP"]
[Date "2022.12.16"]
[Round "5.87"]
[White "Castellanos Gomez, Alejandro"]
[Black "Raghav, Srivathsav V"]
[Result "1-0"]
[WhiteTitle "FM"]
[WhiteElo "2277"]
[BlackElo "2059"]
[WhiteFideId "22284141"]
[BlackFideId "5073316"]
[EventDate "2022.12.12"]

1. d4 g6 2. Nf3 Bg7 3. e4 d6 4. Nc3 c6 5. Bf4 Nd7 6. Qd2 Ngf6 7. Bh6 O-O 8.
O-O-O b5 9. Bxg7 Kxg7 10. e5 Ne8 11. h4 h5 12. g4 hxg4 13. h5 Rh8 14. Bd3 gxf3
15. hxg6 Nef6 16. gxf7 Kxf7 17. Qf4 dxe5 18. dxe5 Nxe5 19. Qxe5 Rxh1 20. Rxh1
Bg4 21. Ne4 Qd5 22. Qf4 Rg8 23. Nxf6 exf6 24. Rh7+ Ke6 25. Qc7 Qg5+ 26. Kb1 Kd5
27. Re7 Bf5 28. b3 Qg1+ 29. Kb2 Qg4 30. Bxf5 Qd4+ 31. c3 Qxf2+ 32. Bc2 Ra8 33.
Qd7+ Kc5 34. b4+ 1-0

[Event "9th Sunway Sitges 2022"]
[Site "Sitges ESP"]
[Date "2022.12.16"]
[Round "5.88"]
[White "Ram, Aravind L N"]
[Black "Coles, Robin"]
[Result "1-0"]
[WhiteTitle "FM"]
[WhiteElo "2272"]
[BlackElo "2051"]
[WhiteFideId "25033760"]
[BlackFideId "551017814"]
[EventDate "2022.12.12"]

1. c4 e6 2. Nc3 d5 3. e3 Nf6 4. Nf3 Be7 5. d4 dxc4 6. Bxc4 a6 7. a3 b5 8. Bd3
Bb7 9. b4 O-O 10. O-O Nbd7 11. Qe2 Nb6 12. e4 a5 13. Rb1 axb4 14. axb4 Na4 15.
Bd2 Nxc3 16. Bxc3 Ra3 17. Rfc1 Qa8 18. Nd2 Rd8 19. f3 Qa7 20. Kh1 Nh5 21. Bxb5
Nf4 22. Qe1 c6 23. Bf1 Rxc3 24. Rxc3 Qxd4 25. Nb3 Qe5 26. Na5 Ba8 27. Nxc6 Bxc6
28. Rxc6 Bd6 29. Qc3 1-0

[Event "9th Sunway Sitges 2022"]
[Site "Sitges ESP"]
[Date "2022.12.16"]
[Round "5.89"]
[White "Maloberti, David"]
[Black "Kostov, Deyan Samuil"]
[Result "0-1"]
[BlackTitle "FM"]
[WhiteElo "2050"]
[BlackElo "2260"]
[WhiteFideId "620149"]
[BlackFideId "30909015"]
[EventDate "2022.12.12"]

1. d4 d5 2. c4 dxc4 3. Nf3 Nf6 4. e3 e6 5. Bxc4 a6 6. a4 c5 7. O-O Nc6 8. Nc3
Qc7 9. d5 Na5 10. Ba2 e5 11. e4 h6 12. Be3 Bd6 13. Rc1 Qe7 14. Nd2 Ng4 15. Qf3
O-O 16. h3 Nxe3 17. Qxe3 Kh7 18. Nc4 Nxc4 19. Bxc4 b6 20. Bd3 g6 21. Nb1 Bd7 22.
Qe2 f5 23. Nd2 f4 24. Bxa6 f3 25. Nxf3 Rxf3 26. Qxf3 Rxa6 27. b3 Ra8 28. Kh2 Kg7
29. Rc3 Qf6 30. Qxf6+ Kxf6 31. g3 g5 32. h4 b5 33. axb5 Bxb5 34. Re1 g4 35. Rc2
Ra3 36. Re3 h5 37. Rec3 Ra1 38. Re3 Ra3 39. Rec3 Ke7 40. Kg2 Ra1 41. Re3 Rd1 42.
f3 Bf1+ 43. Kf2 c4 44. Re1 Bd3 45. Rxc4 Rd2+ 46. Ke3 Bxc4 47. Kxd2 Bb4+ 48. Ke3
Bxe1 49. bxc4 Kd6 50. fxg4 hxg4 51. h5 Bxg3 52. Ke2 Bf4 53. Kf2 Kc5 54. Kg2 Kb6
55. Kf2 Kc5 56. Kg2 Kd6 57. Kf2 g3+ 58. Kf3 Kc5 59. h6 Bxh6 60. Kxg3 Bf8 61. Kg4
Kxc4 0-1

[Event "9th Sunway Sitges 2022"]
[Site "Sitges ESP"]
[Date "2022.12.16"]
[Round "5.91"]
[White "Karadzhov, Ivan"]
[Black "Ryan, Joseph"]
[Result "0-1"]
[BlackTitle "FM"]
[WhiteElo "2024"]
[BlackElo "2249"]
[WhiteFideId "2922568"]
[BlackFideId "2500426"]
[EventDate "2022.12.12"]

1. d4 Nf6 2. c4 e6 3. g3 Bb4+ 4. Bd2 Qe7 5. Bg2 O-O 6. Nf3 Bxd2+ 7. Nbxd2 d6 8.
O-O e5 9. e4 Bg4 10. Qb3 Bxf3 11. Nxf3 c5 12. dxe5 dxe5 13. Nh4 g6 14. f4 Nc6
15. fxe5 Nxe5 16. Qe3 Rfe8 17. h3 Rad8 18. Nf5 gxf5 19. Rxf5 Nfd7 20. Raf1 Kh8
21. Qc3 f6 22. g4 Rg8 23. Kh1 Rg5 24. R5f2 Rdg8 25. b3 Qg7 26. Qd2 h5 27. gxh5
Rxh5 28. Rf5 Rg5 29. R1f4 Qh6 30. Bf1 Rg1+ 31. Kh2 Nf3+ 0-1

[Event "9th Sunway Sitges 2022"]
[Site "Sitges ESP"]
[Date "2022.12.16"]
[Round "5.92"]
[White "Vaibhav, Jayant Raut"]
[Black "Pousada Garcia, Daniel"]
[Result "1-0"]
[WhiteTitle "CM"]
[WhiteElo "2247"]
[BlackElo "1960"]
[WhiteFideId "5089034"]
[BlackFideId "2278642"]
[EventDate "2022.12.12"]

1. c4 Nf6 2. g3 e5 3. Bg2 Bc5 4. Nc3 O-O 5. e3 c6 6. Nge2 d5 7. cxd5 cxd5 8. d4
exd4 9. exd4 Bb4 10. h3 Nc6 11. O-O h6 12. Bf4 Bf5 13. a3 Bxc3 14. Nxc3 Qb6 15.
g4 Qxb2 16. Nxd5 Nxd5 17. Bxd5 Nxd4 18. Ra2 Qc3 19. gxf5 Rad8 20. Bg2 Nxf5 21.
Rd2 Qf6 22. Re1 Nh4 23. Bg3 Nf5 24. Be5 Qg5 25. Rxd8 Rxd8 26. Qg4 Qd2 27. Rf1 g6
28. Ba1 h5 29. Qe4 Qg5 30. Qe5 Kh7 31. Kh2 Qh4 32. Be4 f6 33. Qc7+ Kh6 34. Qxd8
Qf4+ 35. Kg1 Qxe4 36. Bxf6 1-0

[Event "9th Sunway Sitges 2022"]
[Site "Sitges ESP"]
[Date "2022.12.16"]
[Round "5.93"]
[White "Frederic, Clement"]
[Black "Tudor, Henry Edward"]
[Result "1-0"]
[WhiteElo "2245"]
[BlackElo "1942"]
[WhiteFideId "637319"]
[BlackFideId "2409836"]
[EventDate "2022.12.12"]

1. e4 c5 2. Nf3 e6 3. d4 cxd4 4. Nxd4 a6 5. c4 Nf6 6. Nc3 Qc7 7. a3 d6 8. Be3
Nbd7 9. Rc1 b6 10. Be2 Bb7 11. f3 Rc8 12. O-O Be7 13. Qe1 O-O 14. Qf2 Qb8 15.
Rfd1 Bd8 16. Nb3 Bc7 17. Qh4 Qa8 18. Nd2 Rfe8 19. Nf1 Rcd8 20. Rd2 Qb8 21. Rcd1
Bc6 22. Bf4 Ne5 23. Bg5 Ng6 24. Qf2 b5 25. cxb5 axb5 26. Kh1 Qb7 27. Bxf6 gxf6
28. Qd4 Kg7 29. Ng3 Nf4 30. Qb4 Nxe2 31. Ncxe2 Kh8 32. Qc3 Bb8 33. Qxf6+ Kg8 34.
Nh5 Kf8 35. Qg7+ Ke7 36. Qg5+ Kd7 37. Nd4 Ba7 38. Nf6+ Kc7 39. Nxc6 Qxc6 40.
Nxe8+ Qxe8 41. Rd3 e5 42. Qc1+ 1-0

[Event "9th Sunway Sitges 2022"]
[Site "Sitges ESP"]
[Date "2022.12.16"]
[Round "5.94"]
[White "Lever, Erwan"]
[Black "Labrovic, Jakov"]
[Result "1-0"]
[WhiteElo "2241"]
[BlackElo "1891"]
[WhiteFideId "20640099"]
[BlackFideId "14549786"]
[EventDate "2022.12.12"]

1. d4 Nf6 2. c4 Nc6 3. Nf3 e6 4. g3 d5 5. Nbd2 Ne4 6. Bg2 Bb4 7. O-O O-O 8. e3
a5 9. Nxe4 dxe4 10. Ne5 f5 11. Nxc6 bxc6 12. c5 Ba6 13. Qb3 Bxf1 14. Qxe6+ Kh8
15. Bxf1 a4 16. Qc4 Qb8 17. a3 Be1 18. Be2 Qb3 19. Kf1 Qxc4 20. Bxc4 Ba5 21. Be2
Rfb8 22. Bd1 g5 23. Bxa4 Bd2 24. Bxc6 Ra6 25. Bxd2 Rxc6 26. b4 Ra6 27. a4 Kg8
28. Bc3 Rba8 29. a5 Rb8 30. d5 Kf7 31. Ke2 Ke7 32. Ra2 Rb5 33. Kd2 Kd7 34. Kc2
c6 35. dxc6+ Kxc6 36. Kb3 Rb7 37. Kc4 Ra8 38. Rd2 Rd7 39. b5+ Kc7 40. Be5+ Kc8
41. Rxd7 Kxd7 42. a6 Kc8 43. c6 Kd8 44. Kc5 1-0

[Event "9th Sunway Sitges 2022"]
[Site "Sitges ESP"]
[Date "2022.12.16"]
[Round "5.95"]
[White "Mompel Ferruz, Xavier"]
[Black "Rajarishi, Karthi"]
[Result "1/2-1/2"]
[BlackTitle "CM"]
[WhiteElo "1953"]
[BlackElo "2239"]
[WhiteFideId "54585775"]
[BlackFideId "5092523"]
[EventDate "2022.12.12"]

1. e4 e6 2. d4 d5 3. Nc3 Bb4 4. e5 c5 5. a3 Bxc3+ 6. bxc3 Qc7 7. Qg4 f5 8. Qh5+
Qf7 9. Qxf7+ Kxf7 10. Nf3 cxd4 11. cxd4 Nc6 12. Bb5 Nge7 13. Bd2 Bd7 14. a4 h6
15. h4 b6 16. O-O Rhc8 17. Rfb1 Ke8 18. Bd3 Na5 19. Bxa5 bxa5 20. Nd2 Rc3 21.
Bb5 Rxc2 22. Bxd7+ Kxd7 23. Nb3 Rb8 24. Nc5+ Kc8 25. Rxb8+ Kxb8 26. Nxe6 Rc4 27.
Rb1+ Kc8 28. Rb5 Rxa4 29. Rc5+ Kd7 30. Nxg7 a6 31. g3 f4 32. Kg2 fxg3 33. fxg3
Rxd4 34. Rxa5 Rg4 1/2-1/2

[Event "9th Sunway Sitges 2022"]
[Site "Sitges ESP"]
[Date "2022.12.16"]
[Round "5.96"]
[White "Mannion, Stephen R"]
[Black "Oliver Amengual, Adria"]
[Result "1/2-1/2"]
[WhiteTitle "IM"]
[WhiteElo "2233"]
[BlackElo "1856"]
[WhiteFideId "2400111"]
[BlackFideId "2204681"]
[EventDate "2022.12.12"]

1. e4 e5 2. Nf3 Nc6 3. Bb5 a6 4. Ba4 Nf6 5. O-O Be7 6. Re1 b5 7. Bb3 d6 8. c3
O-O 9. d4 Bg4 10. Be3 exd4 11. cxd4 Na5 12. Bc2 c5 13. h3 Bh5 14. g3 Bg6 15.
Nbd2 Nd7 16. Rc1 Rc8 17. b3 Nc6 18. d5 Nb4 19. Bb1 Qa5 20. Re2 Bf6 21. Nf1 Qa3
22. Qd2 c4 23. Bf4 c3 24. Qd1 c2 25. Rexc2 Nxc2 26. Rxc2 Rfe8 27. N1d2 Rxc2 28.
Qxc2 Qc5 29. Qd1 Ne5 30. Nxe5 Bxe5 31. Be3 Qc3 32. Qe2 Qa1 33. f3 Rc8 34. Kf2 1/2-1/2

[Event "9th Sunway Sitges 2022"]
[Site "Sitges ESP"]
[Date "2022.12.16"]
[Round "5.97"]
[White "Shreyas Seshadri Nallore"]
[Black "Gulatz, Maurice"]
[Result "1/2-1/2"]
[BlackTitle "CM"]
[WhiteElo "1849"]
[BlackElo "2227"]
[WhiteFideId "25683900"]
[BlackFideId "24642746"]
[EventDate "2022.12.12"]

1. e4 c6 2. d4 d5 3. Nc3 dxe4 4. Nxe4 Bf5 5. Ng3 Bg6 6. Nf3 Nd7 7. Bd3 e6 8. O-O
Ngf6 9. Bxg6 hxg6 10. Bg5 Qc7 11. c4 Bd6 12. c5 Bf4 13. Bxf4 Qxf4 14. Qd2 Qc7
15. Ng5 Rd8 16. Rfe1 Nxc5 17. Qc2 Na6 18. Rxe6+ Kf8 19. Rae1 Qd7 20. Re7 Qxe7
21. Rxe7 Kxe7 22. Qb3 Rd7 23. Nxf7 Re8 24. Ne5 Rc7 25. Qf7+ Kd8 26. Qxg6 Rf8 27.
Nf5 Ne8 28. Nd6 Re7 29. Nf5 Rc7 30. Nd6 Re7 31. Nf5 Rc7 1/2-1/2